[Event "Open"]
[Site "Andorra AND"]
[Date "2001.07.07"]
[Round "8"]
[White "Grabarska,B"]
[Black "Handke,F"]
[Result "0-1"]
[WhiteElo "2213"]
[BlackElo "2405"]

1.e4 c5 2.Nf3 Nc6 3.Nc3 e6 4.d4 cxd4 5.Nxd4 Qc7 6.Be2 a6 7.O-O Nf6 8.Kh1 Nxd4
9.Qxd4 Bc5 10.Qd3 b5 11.f4 Bb7 12.Bf3 h5 13.e5 Ng4 14.Bxb7 Qxb7 15.Ne4 Rc8
16.Bd2 Qc6 17.Rae1 Be7 18.c3 Nh6 19.f5 Nxf5 20.Rxf5 exf5 21.Nd6+ Bxd6 22.exd6+ Kf8
23.Bf4 Re8 24.Rxe8+ Kxe8 25.Qxf5 Qc4 26.h4 Kd8 27.b3 Qxc3 28.Qe4 Re8 29.Qa8+ Qc8
30.Qd5 f6 31.Bd2 Qc6 32.Qf7 Qe4 33.Qxg7 Qd4 34.Ba5+ Kc8 35.Qg6 Qd1+ 36.Kh2 Qxd6+
37.Kh1 Re2 38.Qxh5 Rxa2 39.Qe8+ Kb7 40.Qe4+ Qc6 41.Qxc6+ Kxc6 42.Bc3 Ra3
43.Bxf6 Rxb3  0-1

[Event "Open"]
[Site "Andorra AND"]
[Date "2001.07.07"]
[Round "8"]
[White "Jaracz,P"]
[Black "Hernandez,Gi"]
[Result "1/2-1/2"]
[WhiteElo "2484"]
[BlackElo "2567"]

1.e4 c5 2.Nf3 Nc6 3.Nc3 e6 4.d4 cxd4 5.Nxd4 Nf6 6.Be2 d6 7.O-O Be7 8.Kh1 O-O
9.f4 a6 10.Be3 Qc7 11.Qe1 Nxd4 12.Bxd4 b5 13.a3 Bb7 14.Qg3 Bc6 15.Rae1 Rae8
16.Bf3 Rc8 17.Re3 g6 18.Rfe1 Rfe8 19.R3e2 Qd7 20.Nd1 a5 21.Nf2 b4 22.axb4 axb4
23.c3 bxc3 24.bxc3 Qc7 25.e5  1/2-1/2

[Event "FSIMB July"]
[Site "Budapest HUN"]
[Date "2001.07.08"]
[Round "7"]
[White "Castaneda,N"]
[Black "Balster,S"]
[Result "1/2-1/2"]
[WhiteElo "2341"]
[BlackElo "2334"]

1.e4 c5 2.Nf3 e6 3.d4 cxd4 4.Nxd4 Nc6 5.Nc3 Qc7 6.Be2 a6 7.O-O Nf6 8.a3 Be7
9.Be3 d6 10.f4 O-O 11.Qe1 Bd7 12.Qg3 Nxd4 13.Bxd4 Bc6 14.Rad1 g6 15.f5 e5
16.Be3 Rfe8 17.Qf3 Kh8 18.Bg5 gxf5 19.Qxf5 Ng8 20.Bxe7 Rxe7 21.Kh1 b5 22.Rd3 f6
23.Rfd1 Rd8 24.Qf2 Rg7 25.Qh4 f5 26.Bf3 f4 27.Nd5 Bxd5 28.Rxd5 Ne7 29.R5d2 Ng8
30.Rd3 Rg6 31.Rc3 Qb6 32.Bh5 Rf6 33.Bg4 Rdf8 34.Bf5 Qb7 35.Rh3 R8f7 36.Rhd3 Rg7
37.Qh3 Qe7 38.Qf3 Nh6 39.Bh3 Nf7 40.Qe2 Qb7 41.Rc3 Rg8 42.Qd3 Qb6 43.Rf1 Ng5
44.Bf5 Qb7 45.Rd1 Qg7 46.Qf1 Qb7  1/2-1/2

[Event "10th AKN Weekender"]
[Site "Haarlem NED"]
[Date "2001.07.08"]
[Round "5"]
[White "De Vreugt,D"]
[Black "Horvath,Jo"]
[Result "1/2-1/2"]
[WhiteElo "2429"]
[BlackElo "2542"]

1.e4 c5 2.Nf3 e6 3.d4 cxd4 4.Nxd4 Nc6 5.Nc3 Qc7 6.f4 Nxd4 7.Qxd4 a6 8.a4 Ne7
9.Be3 d5 10.O-O-O Nc6 11.Qb6 Qxb6 12.Bxb6 dxe4 13.Nxe4 Bd7 14.Nc5 Bxc5 15.Bxc5 Rc8
16.b3 Na5 17.b4 Bxa4 18.Rd2 b5 19.Be2 Nc4 20.Bxc4 bxc4 21.f5 a5 22.c3 axb4
23.cxb4 Rd8 24.Re1 Rxd2 25.Kxd2 Kd7 26.Kc3 Bc6 27.fxe6+ fxe6 28.Kxc4 Bxg2
29.Kd4 Ra8  1/2-1/2

[Event "ch-SWE"]
[Site "Linkoping SWE"]
[Date "2001.07.08"]
[Round "8"]
[White "Berg,E"]
[Black "Eriksson,A"]
[Result "1-0"]
[WhiteElo "2474"]
[BlackElo "2335"]

1.e4 c5 2.Nf3 e6 3.d4 cxd4 4.Nxd4 Nc6 5.Nc3 a6 6.Nxc6 bxc6 7.Bd3 d5 8.O-O Nf6
9.Qe2 Be7 10.b3 O-O 11.Bb2 a5 12.Na4 dxe4 13.Bxe4 Nxe4 14.Qxe4 Qd5 15.Qg4 Qg5
16.Qxg5 Bxg5 17.Rfd1 Rd8 18.f4 Be7 19.Ba3 Bf6 20.Rxd8+ Bxd8 21.Rd1 Ba6 22.c4 Bc7
23.g3 Rd8 24.Rxd8+ Bxd8 25.Bd6 g5 26.Kf2 gxf4 27.gxf4 Kg7 28.Ke3 Kg6 29.Nc5 Bc8
30.Nd3 f6 31.Kd4 Bb6+ 32.c5 Bd8 33.Bb8 Ba6 34.Nf2 Kf5 35.Ne4 Kg4 36.Ke3 Kh3
37.Nd6 Be7 38.Bc7 Kxh2 39.Bxa5 h5 40.f5 h4 41.Be1 h3 42.Kf2 exf5 43.Bd2 Bd3
44.Bf4+ Kh1 45.a4 Bf8 46.b4 h2 47.a5 Be7 48.a6  1-0

[Event "Open"]
[Site "Hyeres FRA"]
[Date "2001.07.09"]
[Round "3"]
[White "Thevenet,Y"]
[Black "Bernal Moro,L"]
[Result "0-1"]
[WhiteElo "2148"]
[BlackElo "2387"]

1.e4 c5 2.Nf3 e6 3.d4 cxd4 4.Nxd4 Nc6 5.Nc3 a6 6.Be3 Nge7 7.g4 b5 8.Qd2 Nxd4
9.Bxd4 Nc6 10.Be3 Bb7 11.f3 Rc8 12.h4 Ne5 13.Qg2 Qa5 14.Bd3 b4 15.Ne2 b3+
16.Nc3 bxc2 17.Qxc2 Nxf3+ 18.Ke2 Ne5 19.g5 Bc5 20.Bd2 Nc6 21.Kf1 Nb4 22.Qb1 Nxd3
23.Qxd3 O-O 24.Ke2 Qc7 25.Raf1 d5 26.Rh3 dxe4 27.Nxe4 Qe5 28.Rf4 Rfd8 29.Qc3 Rd4
30.Re3  0-1

[Event "Milan Vidmar Mem"]
[Site "Portoroz SLO"]
[Date "2001.07.09"]
[Round "7"]
[White "Mohr,G"]
[Black "Sermek,D"]
[Result "1/2-1/2"]
[WhiteElo "2484"]
[BlackElo "2570"]

1.e4 c5 2.Nf3 e6 3.d4 cxd4 4.Nxd4 Nc6 5.Nc3 Nf6 6.Ndb5 d6 7.Bf4 e5 8.Bg5 a6
9.Na3 b5 10.Nd5 Be7 11.Bxf6 Bxf6 12.c3 Ne7 13.Nc2 Bb7 14.Nce3 O-O 15.Be2  1/2-1/2

[Event "2nd IM"]
[Site "Saint Lo FRA"]
[Date "2001.07.10"]
[Round "4"]
[White "Nepeina Leconte,M"]
[Black "Maze,S"]
[Result "1/2-1/2"]
[WhiteElo "2283"]
[BlackElo "2269"]

1.e4 c5 2.Nf3 Nc6 3.d4 cxd4 4.Nxd4 e6 5.Nc3 a6 6.g3 Bb4 7.Bg2 Nge7 8.O-O Qc7
9.Nde2 O-O 10.b3 d6 11.Bb2 e5 12.Nd5 Nxd5 13.exd5 Ne7 14.c4 a5 15.Kh1 Bf5
16.Rc1 Ng6 17.Nc3 Bd7 18.c5 Bxc5 19.Ne4 b6 20.f4 f6 21.f5 Ne7 22.g4 Qd8 23.a3 Rc8
24.Qd2 Bb5 25.Rfe1 Ba6 26.b4 axb4 27.axb4 Bd4 28.Bxd4 exd4 29.Qxd4 Rxc1 30.Rxc1 Nc8
31.Qc3 Rf7 32.h4 Bb7 33.Kh2 h6 34.Qg3 Kh8 35.Nc3 Rc7 36.Re1 Re7 37.Re6 Qe8
38.Qe3 Kg8 39.Rxe7 Qxe7 40.Qe6+ Kf8 41.h5 Ke8 42.Kg3 Kd8 43.Bf3 Qf8 44.Nb5 Ba6
45.Nd4 Kc7 46.Qe3 Kb8 47.Nc6+ Kc7 48.Kf4 Bb7 49.Nd4 Kb8 50.Qe6 Na7 51.Be2 Bc8
52.Qe3 Qd8 53.Ne6 Bxe6 54.dxe6 Nc8 55.Qd4 d5 56.Ke3  1/2-1/2

[Event "ch-SWE"]
[Site "Linkoping SWE"]
[Date "2001.07.11"]
[Round "11"]
[White "Wedberg,T"]
[Black "Cramling,P"]
[Result "1/2-1/2"]
[WhiteElo "2505"]
[BlackElo "2496"]

1.e4 c5 2.Nf3 e6 3.d4 cxd4 4.Nxd4 Nc6 5.Nc3 Qc7 6.g3 a6 7.Bg2 Nf6 8.Nb3 b5
9.O-O d6 10.f4 Bb7 11.Be3 Be7 12.a4 b4 13.Nb1 a5 14.c4 O-O 15.N1d2 Rfe8 16.Rc1 Bf8
17.h3 Nd7 18.Qc2 Rac8 19.Nf3 Qb8 20.Qf2 Qa8 21.Nfd2 Red8 22.Rfd1 e5 23.Rf1 Re8
24.c5 dxc5 25.Nxc5 Bxc5 26.Bxc5 Ba6 27.Rfe1 Nxc5 28.Rxc5 Nd4 29.Rxe5 Rxe5
30.fxe5 Rd8 31.Bf1 Qc6 32.Bxa6 Qxa6 33.Nf3 Nxf3+ 34.Qxf3 Qc6 35.Rf1 Rd7 36.Qf5 g6
37.Qf4 Re7 38.Kg2 Qe6 39.Rc1 Qxe5 40.Qxe5 Rxe5 41.Kf3 f5 42.exf5 Rxf5+ 43.Ke3 h5
44.Rc7 Rg5 45.Kf4 Rf5+ 46.Ke3  1/2-1/2

[Event "PanAm Junior Girls"]
[Site "Yucay PER"]
[Date "2001.07.11"]
[Round "6"]
[White "Delai,P"]
[Black "Vasquez,R"]
[Result "0-1"]
[WhiteElo "2024"]
[BlackElo "2468"]

1.e4 c5 2.Nf3 e6 3.d4 cxd4 4.Nxd4 Nc6 5.Nc3 Qc7 6.Be2 Nf6 7.Be3 a6 8.a3 Be7
9.f4 d6 10.O-O O-O 11.Nb3 b5 12.Bf3 Bb7 13.g4 Rfe8 14.g5 Nd7 15.Bg2 Bf8 16.Qh5 g6
17.Qh3 b4 18.axb4 Nxb4 19.Rf2 Nb6 20.Raf1 Nc4 21.Bc1 Rab8 22.f5 Bg7 23.f6 Bf8
24.Rd1 Ba8 25.Nd2 Ne5 26.Nf3 Red8 27.Nd4 Nbc6 28.Qg3 Rb4 29.Nxc6 Bxc6 30.b3 Rbb8
31.Kh1 Qa5 32.Rfd2 Rdc8 33.Ne2 Ba8 34.Nd4 Rc3 35.Qh4 Rbc8 36.Bh3 Rxh3  0-1

[Event "Aegean Open"]
[Site "Ikaros GRE"]
[Date "2001.07.12"]
[Round "6"]
[White "Liepold,S"]
[Black "Agopov,M"]
[Result "0-1"]
[WhiteElo "2256"]
[BlackElo "2381"]

1.e4 c5 2.Nf3 Nc6 3.d4 cxd4 4.Nxd4 e6 5.Nc3 Qc7 6.g3 a6 7.Bg2 d6 8.O-O Bd7
9.Nce2 b6 10.c4 Nf6 11.h3 Be7 12.Be3 O-O 13.Rc1 Rac8 14.g4 h6 15.f4 Qb8 16.g5 hxg5
17.fxg5 Nh7 18.Nxc6 Bxc6 19.h4 Qb7 20.Ng3 f5 21.Rf2 g6 22.exf5 Bxg2 23.Rxg2 gxf5
24.Nh5 Qe4 25.Qd4 Qxd4 26.Bxd4 b5 27.Bg7 Rfd8 28.g6 Nf8 29.Bf6 Bxf6 30.Nxf6+ Kg7
31.Nh5+ Kh6 32.g7 Ng6 33.Nf6 Kxg7 34.h5 Kxf6 35.Rxg6+ Kf7 36.Re1 e5 37.cxb5 axb5
38.Rd1 Rc2 39.Rdxd6 Rxd6 40.Rxd6 Rxb2 41.h6 Rxa2  0-1

[Event "ch-SUI"]
[Site "Scuol SUI"]
[Date "2001.07.14"]
[Round "3"]
[White "Meszaros,T"]
[Black "Landenbergue,C"]
[Result "1-0"]
[WhiteElo "2344"]
[BlackElo "2413"]

1.e4 c5 2.Nf3 e6 3.d4 cxd4 4.Nxd4 Nc6 5.Nc3 Qc7 6.Be3 a6 7.Be2 Nf6 8.O-O Bb4
9.Na4 Be7 10.c4 O-O 11.Rc1 d6 12.Nc3 Nxd4 13.Qxd4 Nd7 14.Rfd1 b6 15.Bf4 Ne5
16.Na4 Rb8 17.c5 bxc5 18.Nxc5 Qb6 19.Na4 Qxd4 20.Rxd4 Rd8 21.b3 Kf8 22.Bd2 Bb7
23.f4 Nc6 24.Rdc4 Na7 25.Ba5 d5 26.Bxd8 dxc4 27.Bxe7+ Kxe7 28.Rxc4 Bc6 29.Kf2 Kd7
30.Rd4+  1-0

[Event "2nd IM"]
[Site "Saint Lo FRA"]
[Date "2001.07.15"]
[Round "9"]
[White "Aarthie,R"]
[Black "Salaun,Y"]
[Result "0-1"]
[WhiteElo "2249"]
[BlackElo "2405"]

1.e4 c5 2.Nf3 e6 3.d4 cxd4 4.Nxd4 Nc6 5.Nc3 a6 6.Be2 d6 7.O-O Nf6 8.Be3 Be7
9.Kh1 O-O 10.f4 Qc7 11.Qe1 Rd8 12.Bf3 Bd7 13.Qg3 Be8 14.Rad1 Kh8 15.Qf2 Rab8
16.g4 Nxd4 17.Bxd4 b5 18.e5 dxe5 19.Bxe5 Bd6 20.Rxd6 Rxd6 21.Bxf6 gxf6 22.Qh4 Qc4
23.Qxf6+ Kg8 24.Re1 Bc6 25.Qg5+ Kf8 26.Ne4 Bxe4 27.Bxe4 Qd4 28.Bxh7 Qf2 29.Qe5 Qf3+
30.Kg1 Qxg4+ 31.Kh1 Rbd8 32.Bd3 Ke7 33.f5 Qf3+  0-1

[Event "EuChJun Boys"]
[Site "Patras GRE"]
[Date "2001.07.16"]
[Round "1"]
[White "Smirnov,P"]
[Black "Castaldo,F"]
[Result "1-0"]
[WhiteElo "2530"]
[BlackElo "2304"]

1.e4 c5 2.Nf3 e6 3.d4 cxd4 4.Nxd4 Nc6 5.Nc3 a6 6.Be2 Qc7 7.O-O Nf6 8.Kh1 d6
9.f4 Be7 10.Be3 O-O 11.Qe1 Nxd4 12.Bxd4 b5 13.a3 Bb7 14.Qg3 Bc6 15.Rae1 Qb7
16.Bf3 b4 17.axb4 Rac8 18.Na2 d5 19.e5 Ne4 20.Bxe4 dxe4 21.c3 a5 22.f5 exf5
23.Rxf5 Bd5 24.Nc1 Rc6 25.e6 f6 26.Rxd5 Rxe6 27.Rxa5 Rc6  1-0

[Event "EuChJun Boys"]
[Site "Patras GRE"]
[Date "2001.07.16"]
[Round "1"]
[White "Guseinov,K"]
[Black "Paljusaj,E"]
[Result "0-1"]
[WhiteElo "2456"]
[BlackElo "2230"]

1.e4 c5 2.Nc3 Nc6 3.Nf3 e6 4.d4 cxd4 5.Nxd4 Nf6 6.Nxc6 bxc6 7.e5 Nd5 8.Ne4 Qc7
9.f4 Ba6 10.c4 Nb6 11.b3 Be7 12.Nd6+ Bxd6 13.exd6 Qb8 14.Qd4 O-O 15.Bd3 f6
16.Bb2 c5 17.Qxc5 Na4 18.Qh5 Qb4+ 19.Ke2 Bxc4 20.Qxh7+ Kf7 21.Qg6+ Kg8 22.Qh7+ Kf7
23.Bd4 Bxd3+ 24.Qxd3 Nb6 25.Bxb6 axb6 26.Qd2 Qe4+ 27.Kf2 Rfc8 28.Rhc1 Rxc1
29.Qxc1 Qd4+ 30.Ke2 Ra5 31.g3 Rc5 32.Qb1 Rc3 33.Qh7 Re3+ 34.Kf2 Rxb3+ 35.Kg2 Rb5
36.Rf1 Rb2+ 37.Kh3 Qd5 38.f5 Qg2+ 39.Kg4 Qe2+  0-1

[Event "Dutch Open"]
[Site "Dieren NED"]
[Date "2001.07.17"]
[Round "1"]
[White "Tiviakov,S"]
[Black "Van der Elburg,F"]
[Result "1-0"]
[WhiteElo "2618"]
[BlackElo "2263"]

1.e4 c5 2.Nf3 e6 3.d4 cxd4 4.Nxd4 Nc6 5.Nc3 Qc7 6.g3 a6 7.Bg2 d6 8.O-O Bd7
9.a4 Nf6 10.Nxc6 Bxc6 11.a5 Be7 12.Be3 Nd7 13.Na4 O-O 14.Nb6 Rad8 15.c4 Qb8
16.b4 Nxb6 17.Bxb6 Rc8 18.Rb1 Bd7 19.Qd3 e5 20.Rfd1 Be6 21.Rbc1 Bd8 22.Be3 Bc7
23.Qa3 Bd8 24.Bf1 Be7 25.b5 Rc7 26.Bb6 Rd7 27.Qa4 Qc8 28.Be2 g6 29.Rc2 Bd8
30.bxa6 bxa6 31.c5 dxc5 32.Bxc5 Rxd1+ 33.Bxd1 Bd7 34.Bxf8  1-0

[Event "Open"]
[Site "Gent BEL"]
[Date "2001.07.17"]
[Round "7"]
[White "Wortel,Ma"]
[Black "Emms,J"]
[Result "1/2-1/2"]
[WhiteElo "2329"]
[BlackElo "2532"]

1.e4 c5 2.Nf3 Nc6 3.d4 cxd4 4.Nxd4 e6 5.Nc3 Qc7 6.Be2 a6 7.O-O Nf6 8.Kh1 Be7
9.f4 d6 10.Be3 O-O 11.Qe1 Nxd4 12.Bxd4 b5 13.Bd3 Bb7 14.e5 dxe5 15.fxe5 Nd7
16.Ne4 Rad8 17.c3 Nxe5 18.Qg3 f6 19.Nxf6+ Bxf6 20.Rxf6 Rxf6 21.Bxe5 Bxg2+
22.Kxg2 Qc6+ 23.Kg1 Qc5+ 24.Bd4 Rxd4 25.cxd4 Qxd4+ 26.Kh1 Qd5+ 27.Kg1 Qd4+  1/2-1/2

[Event "EuChJun Boys"]
[Site "Patras GRE"]
[Date "2001.07.17"]
[Round "2"]
[White "Lupulescu,C"]
[Black "Mladenov,Sv"]
[Result "1-0"]
[WhiteElo "2465"]
[BlackElo "2306"]

1.e4 c5 2.Nf3 e6 3.Nc3 Nc6 4.d4 cxd4 5.Nxd4 d6 6.Be3 Nf6 7.Bc4 a6 8.Bb3 Na5
9.f4 Nxb3 10.axb3 Be7 11.f5 O-O 12.Qf3 Re8 13.O-O-O Qc7 14.g4 Bf8 15.g5 Nd7
16.h4 Nc5 17.h5 b5 18.g6 b4 19.gxh7+ Kh8 20.h6 f6 21.hxg7+ Bxg7 22.Nde2 e5
23.Nd5 Qa5 24.Bxc5 dxc5 25.Kb1 Ra7 26.Nef4  1-0

[Event "EuChJun Boys"]
[Site "Patras GRE"]
[Date "2001.07.18"]
[Round "3"]
[White "Smirnov,P"]
[Black "Pilaj,H"]
[Result "1-0"]
[WhiteElo "2530"]
[BlackElo "2297"]

1.e4 c5 2.Nf3 e6 3.d4 cxd4 4.Nxd4 Nc6 5.Nc3 a6 6.Nxc6 bxc6 7.Bd3 d5 8.O-O Nf6
9.Qe2 Qc7 10.b3 Bd6 11.f4 Bc5+ 12.Kh1 Bd4 13.Bb2 dxe4 14.Bxe4 Rb8 15.Bf3 c5
16.Nd5 Nxd5 17.Bxd4 cxd4 18.Bxd5 O-O 19.Bc4 Rb6 20.Rad1 Rd6 21.Rd3 Rfd8 22.Qe5 R6d7
23.Qg5 Bb7 24.Rg3 g6 25.h4 Bd5 26.Bd3 Qc6 27.h5 Be4 28.Qf6 e5 29.Qxc6 Bxc6
30.fxe5 Bb5 31.hxg6 fxg6 32.Rd1 Rd5 33.e6 Re5 34.Bxb5 axb5 35.Rgd3 Rxe6 36.Rxd4 Rxd4
37.Rxd4 Re2 38.Rd8+ Kf7 39.Rc8 b4 40.Rc4 Ke6 41.Rxb4 Rxc2 42.a4 Ra2 43.Rb5 Kd6
44.a5 Kc6 45.Rb6+ Kd5 46.b4 Ke4 47.a6 g5 48.b5 g4 49.Kh2 Kf4 50.Rb7 h5 51.a7 h4
52.Rf7+ Kg5 53.b6 Ra1 54.g3  1-0

[Event "ch-SUI"]
[Site "Scuol SUI"]
[Date "2001.07.18"]
[Round "7"]
[White "Moor,R"]
[Black "Kaenel,H"]
[Result "1-0"]
[WhiteElo "2367"]
[BlackElo "2426"]

1.e4 c5 2.Nf3 e6 3.d4 cxd4 4.Nxd4 Nc6 5.Nc3 Qc7 6.Be3 a6 7.Bd3 Nf6 8.O-O Ne5
9.h3 b5 10.f4 Nc4 11.Bxc4 Qxc4 12.Qd3 Bb7 13.a4 Qxd3 14.cxd3 b4 15.Nce2 Be7
16.Nb3 O-O 17.Rfc1 Rfb8 18.a5 Ne8 19.Nc5 Bxc5 20.Bxc5 d6 21.Bb6 Rc8 22.Nd4 Nf6
23.Kf2 Nd7 24.Ke3 Kf8 25.Bc7 Ke7 26.Nc6+ Bxc6 27.Rxc6 Ke8 28.Rcc1 Ke7 29.e5 dxe5
30.fxe5 f6 31.d4 fxe5 32.dxe5 Ke8 33.b3 Kf7 34.Bd6 Kg6 35.Kd4 h5 36.Rc4 Rxc4+
37.bxc4 Rc8 38.c5 Nb8 39.Bxb8 Rxb8 40.c6 Kf7 41.Kc5 Rb5+ 42.Kd6 Rd5+ 43.Kc7 Rb5
44.Kd7 Rd5+ 45.Kc8 Rb5 46.Rd1 Ke8 47.Rd8+ Ke7 48.Rd7+ Ke8 49.Rb7 b3 50.Rxb5 axb5
51.Kb7 b2 52.c7 b1=Q 53.c8=Q+ Ke7 54.a6 Qe4+ 55.Qc6 Qxe5 56.Qc7+ Qxc7+ 57.Kxc7  1-0

[Event "3rd Open"]
[Site "Patras GRE"]
[Date "2001.07.19"]
[Round "2"]
[White "Koutsidis,M"]
[Black "Rychagov,A"]
[Result "0-1"]
[WhiteElo "2126"]
[BlackElo "2505"]

1.e4 c5 2.Nf3 e6 3.d4 cxd4 4.Nxd4 Nc6 5.Nc3 Qc7 6.Nb3 Nf6 7.Bd3 a6 8.O-O b5
9.a3 Be7 10.Qe2 O-O 11.Be3 d6 12.f4 Bb7 13.Kh1 Rfe8 14.Rf3 b4 15.axb4 Nxb4
16.Rg3 Bf8 17.Ra4 d5 18.e5 Ne4 19.Rh3 Nxd3 20.Nxe4 dxe4 21.cxd3 exd3 22.Qxd3 g6
23.Rc4 Qd8 24.Rd4 Qb8 25.Rd6 Bxd6 26.exd6 Bd5 27.d7 Rd8 28.Nc5 Qxb2 29.Ne4 Rab8
30.Bg1 Rb3 31.Qd4 Qxd4 32.Bxd4 Rb1+  0-1

[Event "EuChJun Boys"]
[Site "Patras GRE"]
[Date "2001.07.19"]
[Round "4"]
[White "Paljusaj,E"]
[Black "Mladenov,Sv"]
[Result "1/2-1/2"]
[WhiteElo "2230"]
[BlackElo "2306"]

1.e4 c5 2.Nf3 e6 3.d4 cxd4 4.Nxd4 Nc6 5.Nc3 Qc7 6.g3 a6 7.Bg2 Nf6 8.O-O d6
9.Re1 Be7 10.Nxc6 bxc6 11.e5 dxe5 12.Rxe5 O-O 13.Re1 Nd5 14.Ne4 e5 15.c4 Nb6
16.Qe2 Be6 17.b3 f6 18.Be3 Nd7  1/2-1/2

[Event "ch-SUI"]
[Site "Scuol SUI"]
[Date "2001.07.19"]
[Round "8"]
[White "Golubev,M"]
[Black "Moor,R"]
[Result "1/2-1/2"]
[WhiteElo "2526"]
[BlackElo "2367"]

1.e4 c5 2.Nf3 e6 3.d4 cxd4 4.Nxd4 Nc6 5.Nc3 a6 6.Be3 Nge7 7.Be2 Nxd4 8.Qxd4 b5
9.O-O Nc6 10.Qd2 Be7 11.f4 O-O 12.Bf3 Na5 13.b3 Bb7 14.a4 b4 15.Ne2 Qc7 16.Bd4  1/2-1/2

[Event "Politiken Cup"]
[Site "Copenhagen DEN"]
[Date "2001.07.20"]
[Round "6"]
[White "Laubsch,B"]
[Black "Romsdal,T"]
[Result "0-1"]
[WhiteElo "2311"]
[BlackElo "2225"]

1.e4 c5 2.Nc3 Nc6 3.Nf3 e6 4.d4 cxd4 5.Nxd4 a6 6.Nxc6 bxc6 7.Bd3 d5 8.O-O Bd6
9.Re1 Ne7 10.e5 Bc5 11.Na4 Ba7 12.b3 c5 13.c4 Bb7 14.Bg5 Qc7 15.Qg4 dxc4
16.Qxc4 Nc6 17.Qc3 h6 18.Bh4 Nb4 19.Bf1 g5 20.Bg3 h5 21.f3 Nd5 22.Qc1 g4
23.f4 c4+ 24.Bf2 Bxf2+ 25.Kxf2 c3 26.Bc4 Qc6 27.Rg1 h4 28.Nxc3 g3+ 29.hxg3 hxg3+
30.Kf1 Qb6 31.Nd1 Qd4 32.Bxd5 Bxd5 33.Qb2 Qxf4+ 34.Ke2 Rh2 35.Qc3 Bxg2 36.Qe3 Bf1+
37.Ke1 Re2+ 38.Qxe2 Bxe2 39.Kxe2 Rd8  0-1

[Event "16th Maccabia IM"]
[Site "Tel Aviv ISR"]
[Date "2001.07.20"]
[Round "6"]
[White "Shur,M"]
[Black "Bar,R"]
[Result "1/2-1/2"]
[WhiteElo "2427"]
[BlackElo "2412"]

1.e4 c5 2.Nf3 e6 3.Nc3 Nc6 4.d4 cxd4 5.Nxd4 Qc7 6.Be2 a6 7.O-O Nf6 8.Be3 Bb4
9.Na4 Be7 10.Nxc6 bxc6 11.Nb6 Rb8 12.Nxc8 Qxc8 13.e5 Nd5 14.Bc1 Bc5 15.Qd3 a5
16.Qg3 Kf8 17.h4 Qc7 18.h5 Bd4 19.c4 Bxe5 20.Qd3 Nb4 21.Qd2 c5 22.Bf3 Qd6
23.Qe2 Nd3 24.Rd1 Nxc1 25.Raxc1 Bd4 26.b3 Ke7 27.Be4 Qe5 28.Qf3 Qf6 29.Qxf6+ Bxf6
30.g4 h6 31.Rb1 Rb4 32.Kg2 Rd8 33.Kf3 a4 34.Bc2 Ra8 35.Ke2 Bd4 36.Kf3 Ra7
37.Re1 axb3 38.Bxb3 Ra3 39.Kg2 Kd6 40.Rec1 Kc6 41.Rc2 Ra8 42.Kf3 Kc7 43.Ke2 Rf8
44.f3 f5 45.Rf1 Kc6 46.Rcc1 d5 47.Kd3 Kd6 48.Ke2 fxg4 49.fxg4 Rxf1 50.Kxf1 Be3
51.Rd1 Bd4 52.Rc1 Rb8 53.Ke2 Rf8 54.Rf1 Rxf1 55.Kxf1 Ke5 56.Ke2 Bc3 57.Kd3 d4
58.Ba4 Kf4 59.Be8 Kxg4 60.Bg6 Kf4 61.a4 Ke5 62.Ke2 Ba5 63.Kd3 Bd8 64.Ke2 Kd6
65.Kd3 Kc6 66.Bf7 e5 67.Bg6 Kb6 68.Kc2 Ka5 69.Kb3 Bf6 70.Ka3 Bg5 71.Kb3 Bd8
72.Ka3 Kb6 73.Kb3 Kc6 74.Kc2 Kd6 75.Kd3 Ke6 76.Ke4 Bc7 77.Kd3 Kf6 78.Ke4  1/2-1/2

[Event "Zhong Hong Real Estate Cup"]
[Site "Beijing CHN"]
[Date "2001.07.21"]
[Round "2"]
[White "Zhang Pengxiang"]
[Black "Liang Jinrong"]
[Result "0-1"]
[WhiteElo "2487"]
[BlackElo "2510"]

1.e4 c5 2.Nf3 Nc6 3.d4 cxd4 4.Nxd4 e6 5.Nc3 a6 6.Be3 Nf6 7.Bd3 Qc7 8.O-O Ne5
9.h3 Bc5 10.Kh1 d6 11.f4 Ng6 12.Qe1 Bd7 13.Rf3 Qb6 14.e5 dxe5 15.fxe5 Nxe5
16.Rxf6 Bxd4 17.Nd5 Qc5 18.Rf4 Bxe3 19.Nxe3 O-O 20.Qg3 f5 21.Re1 b5 22.b4 Qe7
23.Rd4 Nxd3 24.cxd3 Bc6 25.Qe5 Qf6 26.Qxf6 Rxf6 27.Rd6 Rc8 28.Kg1 Bb7 29.Rd7 Rf7
30.Rd6 f4 31.Ng4 Rc2 32.Nf2 Bd5 33.Rxa6 Rf6 34.Rb6 Rg6 35.Rb8+ Kf7 36.Ng4 Ke7
37.Rxb5 Kd6 38.Rxd5+ exd5 39.a4 Re6 40.Rf1 Ree2 41.Rxf4 Rxg2+ 42.Kf1 Rgd2
43.Nf2 Ra2 44.a5 Rdb2 45.Kg2 g5 46.Rf6+ Ke7 47.Rf3 Rxb4 48.Kg3 h5 49.h4 gxh4+  0-1

[Event "Politiken Cup"]
[Site "Copenhagen DEN"]
[Date "2001.07.21"]
[Round "7"]
[White "De Firmian,N"]
[Black "Mortensen,E"]
[Result "1/2-1/2"]
[WhiteElo "2552"]
[BlackElo "2423"]

1.e4 c5 2.Nf3 Nc6 3.Nc3 e6 4.d4 cxd4 5.Nxd4 Qc7 6.g3 a6 7.Bg2 d6 8.O-O Be7
9.Re1 Bf6 10.Be3 Nge7 11.f4 O-O 12.a4 Nxd4 13.Bxd4 e5 14.Bf2 exf4 15.gxf4 Bxc3
16.bxc3 Ng6 17.Qd2 Kh8 18.f5 Ne5 19.f6 Rg8 20.Kh1 g5 21.Rad1 Nc4 22.Qe2 Be6
23.Bd4 Rg6 24.Qf2 Rag8 25.Qg3 Rh6 26.e5 dxe5 27.Bxe5 Nxe5 28.Rxe5 g4 29.Rf1 Rgg6
30.Be4 Qc4 31.Bd3 Qc6+ 32.Be4 Qc4 33.Bd3 Bd5+ 34.Kg1 Qc5+ 35.Qf2 Qxf2+ 36.Rxf2 g3
37.Bxg6 gxf2+ 38.Kxf2 Bc6 39.Be4 Rxf6+ 40.Ke3 Bxa4 41.Bxb7 Bxc2 42.c4 Kg7
43.Ra5 Rh6 44.c5 Rxh2 45.Rxa6 Rh3+ 46.Kd4 Rd3+ 47.Ke5 Re3+ 48.Kd4 Rd3+ 49.Ke5  1/2-1/2

[Event "Heart of Finland Open"]
[Site "Jyvaskyla FIN"]
[Date "2001.07.22"]
[Round "9"]
[White "Nyysti,S"]
[Black "Parkkinen,J"]
[Result "1/2-1/2"]
[WhiteElo "2224"]
[BlackElo "2118"]

1.e4 c5 2.Nf3 e6 3.d4 cxd4 4.Nxd4 Nc6 5.Nc3 a6 6.Be3 Qc7 7.Qd2 Nf6 8.f3 b5
9.Nxc6 dxc6 10.a4 b4 11.Na2 a5 12.Nc1 Bd6 13.Qf2 Bxh2 14.Ne2 Ba6 15.g4 Bxe2  1/2-1/2

[Event "Open"]
[Site "Novosibirsk RUS"]
[Date "2001.07.22"]
[Round "4"]
[White "Zinoviev,S"]
[Black "Zarezenko,I"]
[Result "0-1"]
[WhiteElo "2098"]
[BlackElo "2241"]

1.e4 c5 2.Nf3 e6 3.d4 cxd4 4.Nxd4 Nc6 5.Nc3 Qc7 6.Be2 a6 7.O-O Nf6 8.Be3 Be7
9.f4 d6 10.Bf3 O-O 11.a4 Re8 12.Nb3 b6 13.Qd2 Rb8 14.g4 Na5 15.Nxa5 bxa5
16.Rab1 Bb7 17.Qf2 Nd7 18.g5 Bf8 19.Bg2 Ba8 20.Bd4 Nb6 21.f5 Nc4 22.b3 Na3
23.fxe6 fxe6 24.Rbd1 e5 25.Ba7 Rb7 26.Bh3 Qe7 27.Nd5 Qxg5+ 28.Kh1 Qh6 29.Rd3 Qg6
30.Rf3 Qxe4 31.Bf5 Qxd5 32.Kg1 Rf7  0-1

[Event "ch-Paris Open"]
[Site "Paris FRA"]
[Date "2001.07.22"]
[Round "2"]
[White "Large,L"]
[Black "Szabolcsi,J"]
[Result "1/2-1/2"]
[WhiteElo "2175"]
[BlackElo "2418"]

1.e4 c5 2.Nf3 e6 3.d4 cxd4 4.Nxd4 Nc6 5.Nc3 Qc7 6.g3 a6 7.Bg2 Nf6 8.O-O Bc5
9.Nxc6 bxc6 10.Na4 Be7 11.c4 d6 12.b3 O-O 13.Bb2 Bb7 14.Rc1 Rad8 15.Qe2 Nd7
16.c5 dxc5 17.f4 a5 18.Kh1 Qc8 19.Rfd1 Ba6 20.Qe3 Bb5 21.Qc3 e5 22.fxe5 Bg5
23.e6 Nf6 24.e7 Rxd1+ 25.Rxd1 Re8 26.Qxc5 h6 27.h4 Qg4 28.Rd8 Qxg3 29.Rxe8+ Nxe8
30.hxg5 Qe1+ 31.Kh2 Qh4+ 32.Kg1 Qe1+ 33.Kh2 Qh4+  1/2-1/2

[Event "16th Maccabia IM"]
[Site "Tel Aviv ISR"]
[Date "2001.07.22"]
[Round "8"]
[White "Shur,M"]
[Black "Godes,D"]
[Result "1-0"]
[WhiteElo "2427"]
[BlackElo "2314"]

1.e4 c5 2.Nf3 e6 3.Nc3 Nc6 4.d4 cxd4 5.Nxd4 d6 6.Be2 a6 7.a4 Nf6 8.O-O Qc7
9.Kh1 Be7 10.f4 O-O 11.Be3 Na5 12.Qd3 d5 13.e5 Nd7 14.Bg1 Nc4 15.b3 Nc5 16.Qd1 Nb6
17.Bf3 Rb8 18.Qd2 Ncd7 19.Qd3 Na8 20.Rad1 b6 21.Bxd5 Nc5 22.Qg3 Bb7 23.Bxb7 Qxb7
24.f5 Kh8 25.fxe6 Nxe6 26.Nf5 Rbd8 27.Nxe7 Qxe7 28.Nd5 Qb7 29.c4 b5 30.axb5 axb5
31.Nf4 bxc4 32.Nxe6 fxe6 33.bxc4 Qe4 34.Qa3 Kg8 35.Rxd8 Rxd8 36.Qe7  1-0

[Event "Lasker Mem Open"]
[Site "Barlinek CZE"]
[Date "2001.07.23"]
[Round "7"]
[White "Ulibin,M"]
[Black "Dobrowolski,A"]
[Result "1-0"]
[WhiteElo "2583"]
[BlackElo "2222"]

1.e4 c5 2.Nf3 e6 3.d4 cxd4 4.Nxd4 Nc6 5.Nc3 Qc7 6.f4 a6 7.Nb3 b5 8.Bd3 Bb7
9.Be3 Nf6 10.O-O Na5 11.Nxa5 Qxa5 12.a3 d5 13.exd5 Nxd5 14.Nxd5 Bxd5 15.f5 Qc7
16.fxe6 Bxe6 17.Qf3 Rd8 18.a4 Bd6 19.axb5 O-O 20.bxa6 Bxh2+ 21.Kh1 Be5 22.a7 Bd5
23.Be4 Ba8 24.Bxa8 Rxa8 25.c3 Qc4 26.Rfd1 Qh4+ 27.Qh3 Qxh3+ 28.gxh3 f5 29.Rd5 f4
30.Bc5 Rfe8 31.Re1 Bc7 32.Rxe8+ Rxe8 33.Rd7 Be5 34.Re7  1-0

[Event "XXI Open"]
[Site "Cullera ESP"]
[Date "2001.07.23"]
[Round "5"]
[White "Llobel Cortell,E"]
[Black "Djingarova,E"]
[Result "1-0"]
[WhiteElo "2400"]
[BlackElo "2285"]

1.e4 c5 2.Nc3 Nc6 3.Nf3 e6 4.d4 cxd4 5.Nxd4 Qc7 6.g3 a6 7.Bg2 Nf6 8.O-O Nxd4
9.Qxd4 Bc5 10.Bf4 d6 11.Qd2 h6 12.Rad1 e5 13.Be3 Be6 14.Bxc5 dxc5 15.Nd5 Bxd5
16.exd5 Qd6 17.f4 O-O 18.fxe5 Qxe5 19.d6 Qxb2 20.c4 Qxd2 21.Rxd2 Rab8 22.a4 b6
23.d7 Rfd8 24.Bc6 Ng4 25.Re1 f6 26.Re8+ Kf7 27.Rd6 h5 28.h3 Nh6 29.Bd5+ Kg6
30.Rxd8 Rxd8 31.Rxb6 Rxd7 32.Rxa6 h4 33.gxh4 Kh5 34.Rc6 Kxh4 35.Rxc5 Re7
36.Rb5 Nf5 37.a5 Re1+ 38.Kf2 Ra1 39.Bb7 Ra2+ 40.Ke1 Ne3 41.c5 f5 42.c6 Rc2
43.Rb3 Nd5 44.Ra3 g5 45.a6 g4 46.hxg4 fxg4 47.a7 Nc7 48.a8=Q Nxa8 49.Rxa8 g3
50.Rg8  1-0